00306nam a2200109Ia 4500008004100000082000800041100001600049245001500065942000600080952009500086999001500181240331s9999 xx 000 0 und d bPRA aBrammarajan 0aEsra found cL 001040708LaWERCLbWERCLcSSCd2024-03-31l0o 800 PRAp1539r2024-03-31w2024-03-31yL c4603d4603